State Capitals Closest to Atlanta - Statistics

General Stats
  • This quiz has been taken 165 times
  • The average score is 8 of 10
Answer Stats
Distance (Miles) State Capitol % Correct
228.8 Tallahassee
95%
145.7 Montgomery
90%
215.1 Nashville
90%
350.1 Jackson
89%
193.6 Columbia
87%
355.1 Raleigh
85%
307.8 Frankfort
77%
352.8 Charleston
71%
436 Columbus
59%
427.3 Indianapolis
52%
No matching quizzes found
Score Distribution
Percent of People with Each Score
Percentile by Number Answered
Your Score History
You have not taken this quiz